A szálloda-szektor és a turizmus fejlődése Budapesten a ’90-es évektől napjainkig

Bibliographic Details
Main Author: Kóródi Anett
Other Authors: Tóth Dr. Zoltán
Format: Thesis
Kulcsszavak:Szálloda
Budapest
turizmusfejlődés
Vendégforgalmi adatok
Kapacitás elemzés
Online Access:http://dolgozattar.uni-bge.hu/10102

MARC

LEADER 00000nta a2200000 i 4500
001 dolg10102
005 20170828150729.0
008 170428suuuu hu om 000 hun d
040 |a BGE Dolgozattár Repozitórium  |b hun 
041 |a hu 
100 1 |a Kóródi Anett 
245 1 2 |a A szálloda-szektor és a turizmus fejlődése Budapesten a ’90-es évektől napjainkig  |c Kóródi Anett  |h [elektronikus dokumentum] 
246 1 1 |a A szálloda-szektor és a turizmus fejlődése Budapesten a '90-es évektől napjainkig 
695 |a Szálloda  
695 |a Budapest  
695 |a turizmusfejlődés 
695 |a Vendégforgalmi adatok 
695 |a Kapacitás elemzés 
700 1 |a Tóth Dr. Zoltán  |e ths 
856 4 0 |u http://dolgozattar.uni-bge.hu/10102/1/SZAKDOLGOZAT.pdf  |z Dokumentum-elérés